Statistiques concernant Retrouvez le club français grâce à l'animal

Cliquez ici pour prendre le quiz!

Statistiques générales

  • Ce quiz a été pris 116 fois
  • Le résultat moyen est 8 sur 14

Statistiques - réponses

Réponse% Correct
Lille LOSC
95%
Olympique Lyonnais
92%
Nimes Olympique
76%
FC Lorient
73%
OGC Nice
64%
Stade Rennais FC
62%
FC Sochaux
61%
Amiens SC
58%
Niort
56%
Dijon FCO
53%
Sedan
49%
AC Ajaccio
32%
Le Mans
26%
Le Havre
25%

Distribution des résultats

Percentile par nombre de réponses

% des personnes avec chaque résultat

Votre développement - résultats

Vous n’avez pas pris ce quiz